Βυζαντινά ψηφιδωτά
Saved in:
| Main Author: | |
|---|---|
| Format: | Book |
| Language: | Greek |
| Published: |
Αθήνα :
Εκδοτική Αθηνών,
1996
|
| Subjects: | |
| Tags: |
Add Tag
No Tags, Be the first to tag this record!
|
MARC
| LEADER | 00000nam a2200000 i 4500 | ||
|---|---|---|---|
| 001 | 1/9052 | ||
| 008 | 970120s1996 gre d | ||
| 020 | |a 960-213-297-3 | ||
| 035 | |l 10017332 | ||
| 040 | |a GR-MY-UA |b gre |e aacr | ||
| 041 | 0 | |a gre | |
| 082 | 0 | |a Π 700.495 | |
| 100 | 1 | |a Χατζηδάκη-Μπαχάρα, Θεανώ |d 1944- | |
| 245 | 1 | 0 | |a Βυζαντινά ψηφιδωτά / |c Νανώ Χατζηδάκη |
| 260 | |a Αθήνα : |b Εκδοτική Αθηνών, |c 1996 | ||
| 300 | |a 268 σ. |b εικ. | ||
| 504 | |a Περιέχει ευρετήριο | ||
| 650 | 0 | 0 | |a Art, Greek. |
| 650 | 0 | 0 | |a Art |z Greece. |
| 774 | 1 | |t Ελληνική τέχνη | |
| 852 | |a INST |b LESVOS |e 19970120 |h 700.495 ΧΑΤ |p 005100012327 |q 005100012327 |t REF |y 23 | ||
| 852 | |a INST |b RHODES |e 20000216 |h 700.495 ΧΑΤ |p 005400013968 |q 005400013968 |t REF |y 23 | ||
| 901 | |a BIBL4-2000-1 | ||
| 909 | |a Λ |b 049406 | ||
| 909 | |a Ρ |b 054169 | ||
| 922 | |a 4ΕΛΗ |b 199802 |c ΚΠΣ/95 | ||
| 950 | |a 147-1996-11-26 | ||
| 970 | |a ΧΟΡΟΖΙΔΟΥ |b ΤΖΕΝΗ |z 2000/02/16 | ||